000 00924nam a22002297a 4500
008 240605b mp ||||| |||| 00| 0 mon d
020 _a978-99929-955-8-0
035 _a8822
040 _aDA0445040
_bmon
_cMN-UlNLM
_dMN-UlNLM
_erda
041 _amon
042 _a26412
084 _221
_a894.23380358
_bБ.109
100 _aБаасансүрэн Т.
245 0 _aГадаадад зорчсон тэмдэглэл
264 _aУлаанбаатар
_bМОНЦАМЭ агентлагийн ХҮ
_c2011
300 _a510 х.
336 _2rdacontent
_atext
_btxt
337 _2rdamedia
_aunmediated
_bn
338 _2rdacarrier
_avolume
_bnc
650 _aЯпоны тухай тэмдэглэл, Тэмдэглэл, Арлын орны тэмдэглэл, Хүн хөшөө, Энэтхэгийн тухай тэмдэглэл, Энэтхэг, Сэтгүүлчийн байгууллага,...
942 _210-t
_cBK
999 _c745043
_d745100